<?xml version="1.0" encoding="UTF-8"?>
<record
    xmlns:xsi="http://www.w3.org/2001/XMLSchema-instance"
    xsi:schemaLocation="http://www.loc.gov/MARC21/slim http://www.loc.gov/standards/marcxml/schema/MARC21slim.xsd"
    xmlns="http://www.loc.gov/MARC21/slim">

  <leader>00360nam a22001457a 4500</leader>
  <datafield tag="020" ind1=" " ind2=" ">
    <subfield code="a">9789063692896</subfield>
  </datafield>
  <datafield tag="040" ind1=" " ind2=" ">
    <subfield code="c">0</subfield>
  </datafield>
  <datafield tag="082" ind1=" " ind2=" ">
    <subfield code="a">741.2</subfield>
    <subfield code="b">DIM</subfield>
  </datafield>
  <datafield tag="100" ind1="1" ind2=" ">
    <subfield code="a">Di Mari,Anthony</subfield>
    <subfield code="9">121782</subfield>
  </datafield>
  <datafield tag="245" ind1="1" ind2="0">
    <subfield code="a">Operative Design: </subfield>
    <subfield code="b">A Catalog of Spatial Verbs/</subfield>
  </datafield>
  <datafield tag="260" ind1=" " ind2=" ">
    <subfield code="b">BIS Publisher;</subfield>
    <subfield code="c">2012.</subfield>
  </datafield>
  <datafield tag="300" ind1=" " ind2=" ">
    <subfield code="a">150p.:</subfield>
    <subfield code="b">ill;</subfield>
  </datafield>
  <datafield tag="700" ind1="1" ind2=" ">
    <subfield code="a">Yoo,Nora</subfield>
    <subfield code="9">121783</subfield>
  </datafield>
  <datafield tag="942" ind1=" " ind2=" ">
    <subfield code="2">ddc</subfield>
    <subfield code="c">BK</subfield>
  </datafield>
  <datafield tag="999" ind1=" " ind2=" ">
    <subfield code="c">608533</subfield>
    <subfield code="d">608533</subfield>
  </datafield>
  <datafield tag="952" ind1=" " ind2=" ">
    <subfield code="0">0</subfield>
    <subfield code="1">0</subfield>
    <subfield code="2">ddc</subfield>
    <subfield code="4">0</subfield>
    <subfield code="7">0</subfield>
    <subfield code="a">SADA</subfield>
    <subfield code="b">SADA</subfield>
    <subfield code="d">2021-03-11</subfield>
    <subfield code="e">Allied Book</subfield>
    <subfield code="l">0</subfield>
    <subfield code="o">741.2 DIM 2012</subfield>
    <subfield code="p">SADA0002877</subfield>
    <subfield code="r">2024-03-04</subfield>
    <subfield code="t">01</subfield>
    <subfield code="v">2394.85</subfield>
    <subfield code="w">2024-03-04</subfield>
    <subfield code="y">BK</subfield>
  </datafield>
  <datafield tag="952" ind1=" " ind2=" ">
    <subfield code="0">0</subfield>
    <subfield code="1">0</subfield>
    <subfield code="2">ddc</subfield>
    <subfield code="4">0</subfield>
    <subfield code="7">0</subfield>
    <subfield code="a">SADA</subfield>
    <subfield code="b">SADA</subfield>
    <subfield code="d">2021-09-15</subfield>
    <subfield code="e">Photocopy</subfield>
    <subfield code="o">741.2 DIM 2012</subfield>
    <subfield code="p">SADA0002888</subfield>
    <subfield code="r">2024-03-04</subfield>
    <subfield code="t">02</subfield>
    <subfield code="v">477.00</subfield>
    <subfield code="w">2024-03-04</subfield>
    <subfield code="y">BK</subfield>
  </datafield>
  <datafield tag="952" ind1=" " ind2=" ">
    <subfield code="0">0</subfield>
    <subfield code="1">0</subfield>
    <subfield code="2">ddc</subfield>
    <subfield code="4">0</subfield>
    <subfield code="7">0</subfield>
    <subfield code="a">SADA</subfield>
    <subfield code="b">SADA</subfield>
    <subfield code="d">2021-09-15</subfield>
    <subfield code="e">Photocopy</subfield>
    <subfield code="o">741.2 DIM 2012</subfield>
    <subfield code="p">SADA0002889</subfield>
    <subfield code="r">2024-03-04</subfield>
    <subfield code="t">03</subfield>
    <subfield code="v">477.00</subfield>
    <subfield code="w">2024-03-04</subfield>
    <subfield code="y">BK</subfield>
  </datafield>
  <datafield tag="952" ind1=" " ind2=" ">
    <subfield code="0">0</subfield>
    <subfield code="1">0</subfield>
    <subfield code="2">ddc</subfield>
    <subfield code="4">0</subfield>
    <subfield code="7">0</subfield>
    <subfield code="a">SADA</subfield>
    <subfield code="b">SADA</subfield>
    <subfield code="d">2021-09-15</subfield>
    <subfield code="e">Photocopy</subfield>
    <subfield code="o">741.2 DIM 2012</subfield>
    <subfield code="p">SADA0002890</subfield>
    <subfield code="r">2024-03-04</subfield>
    <subfield code="t">04</subfield>
    <subfield code="v">477.00</subfield>
    <subfield code="w">2024-03-04</subfield>
    <subfield code="y">BK</subfield>
  </datafield>
</record>
